Biología : (Record no. 6717)

MARC details
000 -LEADER
campo de control de longitud fija 00906nam a2200241 4500
003 - IDENTIFICADOR DE NÚMERO DE CONTROL
campo de control MX-LbUP
005 - FECHA Y HORA DE LA ÚLTIMA TRANSACCIÓN
campo de control 20240923121041.0
008 - DATOS DE LONGITUD FIJA--INFORMACIÓN GENERAL
campo de control de longitud fija 230427b mx |||||||||| 00| ||spa d
040 ## - FUENTE DE CATALOGACIÓN
Centro/agencia transcriptor MX-LbUP
050 14 - SIGNATURA TOPOGRÁFICA DE LA BIBLIOTECA DEL CONGRESO
Número de clasificación QH308.2
Número de ítem K56 2008
100 1# - ENTRADA PRINCIPAL--NOMBRE DE PERSONA
9 (RLIN) 12642
Nombre de persona Starr, Cecie
Término indicativo de función/relación autor
240 10 - TÍTULO UNIFORME
Título uniforme Biology.
Lenguaje de la obra Español
245 10 - MENCIÓN DEL TÍTULO
Título Biología :
Resto del título la unidad y diversidad de la vida /
Mención de responsabilidad, etc. Cecie Starr, Ralph Taggart ; traducción, José C. Pecina Hernández... [y otros.]
250 ## - MENCION DE EDICION
Mención de edición 11a. ed.
260 ## - PUBLICACIÓN, DISTRIBUCIÓN, ETC.
Lugar de publicación, distribución, etc. México :
Nombre del editor, distribuidor, etc. International Thomson,
Fecha de publicación, distribución, etc. c2008
300 ## - DESCRIPCIÓN FÍSICA
Extensión xxxi, 916 páginas :
Otras características físicas ilustraciones ;
Dimensiones 28 cm.
500 ## - NOTA GENERAL
Nota general Incluye índice.
650 #0 - PUNTO DE ACCESO ADICIONAL DE MATERIA--TÉRMINO DE MATERIA
9 (RLIN) 6599
Término de materia o nombre geográfico como elemento de entrada Biología
700 1# - ENTRADA AGREGADA--NOMBRE PERSONAL
9 (RLIN) 12644
Nombre de persona Taggart, Ralph
Término indicativo de función/relación coautor
700 1# - ENTRADA AGREGADA--NOMBRE PERSONAL
9 (RLIN) 8720
Nombre de persona Pecina Hernández, José Carmen
Término indicativo de función/relación traductor
856 ## - LOCALIZACIÓN Y ACCESO ELECTRÓNICOS
Materiales especificados Tabla de contenido
Identificador Uniforme de Recursos <a href="https://www.unpa.edu.mx/bibliotecas/images/portadas/Tablas%20de%20contenido/6740.pdf">https://www.unpa.edu.mx/bibliotecas/images/portadas/Tablas%20de%20contenido/6740.pdf</a>
942 ## - ELEMENTOS DE ENTRADA SECUNDARIOS (KOHA)
Fuente del sistema de clasificación o colocación Clasificación de Library of Congress
Tipo de ítem Koha Libro
Holdings
Estatus retirado Estado de pérdida Fuente del sistema de clasificación o colocación Estado de daño No para préstamo Biblioteca de origen Biblioteca actual Fecha de adquisición Número de inventario Total de préstamos Signatura topográfica completa Código de barras Visto por última vez Copia número Precio de reemplazo Tipo de ítem Koha
    Clasificación de Library of Congress     Tuxtepec Tuxtepec 14/08/2023 TX004619   QH308.2 K56 2008 TX004619 14/08/2023 Ej. 1 14/08/2023 Libro
  
Av. Ferrocarril s/n, CD. Universitaria, Loma Bonita, Oax., México C.P. 68400
Circuito Central #200, colonia Parque Industrial, Tuxtepec, Oax., México C.P. 68301